000
00322nam a2200133Ia 4500
005
20260326100042.0
008
260326s9999||||xx |||||||||||||| ||und||
100
_a
Gauthier, Joseph
245
0
_a
Historia Gráfica del Arte /
_c
Joseph Gauthier
260
_b
Victor Leru
300
_a
286 p.
650
_a
ARTE
942
_c
BK
999
_c
7050
_d
7050